000 01173nam a2200229Ia 4500
999 _c38038
_d38038
001 4024
003 GE_BSU
005 20190522185216.0
008 181216s2009||||GE |||||||||||||| ||geo||
040 _cGE_BSU
041 _ageo
080 _a517.2(075.8)=353.1+161.1 ნ-21
100 _aნაკაშიძე, გურამ.
_91514
245 _aუმაღლესი მათემატიკა(ქართულ და რუსულ ენაზე) = Высшая математика :
_bმოკლე თეორიული კურსი. სავარჯიშო ტესტები /
_cგურამ ნაკაშიძე ; რედ : იბრაიმ დიდმანიძე.
264 _aბათუმი :
_bშ.პ.ს. პოლიგრაფისტი-1,
_c2009.
300 _a914 გვ .:
_c22 სმ.
500 _aქართული და რუსული ენა
653 _aუმაღლესი მათემატიკა
653 _aმათემატიკა
700 _aდიდმანიძე., იბრაიმ
_eრედაქტორი
_91168
942 _cBK
_2udc